00640nam a22001935i 450000100060000000300090000600500170001500700030003200800410003504000200007610000260009624500460012225000130016826000600018130000430024185200210028499900170030595201240032254813ES-MaACL20230906163027.0t|960729s1880 fr ||||1| fre d aCAM bspa cCAM1 aGagneur, M. L.95322814aLes vierges russes / cpar M. L. Gagneur. a2e éd. aParis : bE. Dentu, c1880 (fimprimerie de Ch. Noblet) a[4], XI, [1] en bl., 524 p. ; c19 cm. aES-MaACLjC-3047 c54813d54813 001040708LIBXIXaATENEOMbATENEOMcSPALd2008-01-17eSCl0oC-3047p1057598r2023-02-23 00:00:00w2023-02-23yMONANT